| 000 | 01181cam a22003131 4500 | ||
|---|---|---|---|
| 999 |
_c10049 _d10049 |
||
| 001 | 10049 | ||
| 003 | BD-JhCC | ||
| 005 | 20180404193035.0 | ||
| 008 | 180404s1968 nyuab b 000 0 eng | ||
| 035 | _a(BD-JhCC)10049 | ||
| 040 |
_aDLC _cDLC _dDLC _dBD-JhCC |
||
| 041 | _aeng | ||
| 050 | 0 | 0 |
_aE59.A7 _bA5 |
| 051 |
_aE59.A7 _bA5 Copy 2 _cProvenance: Gift of Jay I. Kislak Foundation. Accompanying material laid in. |
||
| 082 | 0 | 0 |
_a709/.8 _bANT 1968 |
| 100 | 1 | _aAnton, Ferdinand. | |
| 245 | 1 | 0 |
_aPre-Columbian art and later Indian tribal arts / _cTexts by Ferdinand Anton and Frederick J. Dockstader. |
| 260 |
_aNew York : _bH. N. Abrams, _c1968. |
||
| 300 |
_a264 p. _billus. (part col.), col. maps. _c23 cm. |
||
| 490 | 0 | _aPanorama of world art | |
| 504 | _aBibliography: p. 258-261. | ||
| 505 | 0 | _aPre-Columbian art of Middle and South America, by F. Anton, translated by R. E. Wolf.--Later Indian tribal arts, by F. J. Dockstader. | |
| 650 | 0 | _aIndian art. | |
| 651 | 0 |
_aAmerica _xAntiquities. |
|
| 700 | 1 | _aDockstader, Frederick J., | |
| 710 | 2 |
_aJay I. Kislak Reference Collection (Library of Congress) _5DLC |
|
| 942 |
_2ddc _cREF |
||